Łacińskie słowa #3 - Statystyki

Ogólne statystyki
  • Ten quiz został rozwiązany 2 027 razy
  • Średni wynik to 8 z 21
Statystyki odpowiedzi
Łaciński Polski % Poprawnych
Amor Miłość
94%
Homo Człowiek
86%
Primus Pierwszy
67%
Lex Prawo
67%
Domus Dom
51%
Draco Smok
51%
Argentum Srebro
42%
Ergo Dlatego
41%
Tempus Czas
39%
Veritas Prawda
39%
Semper Zawsze
36%
Sanguis Krew
26%
Liber Książka
25%
Altus Wysoki
23%
Fortis Silny
20%
Vulpes Lis
18%
Incognita Nieznana
16%
Borealis Północny
14%
Ave Zdrowaś
12%
Culpa Wina
11%
Cygnus Łabędź
10%
Nie znaleziono quizów pasujących do podanych kryteriów
Rozkład punktacji
Procent ludzi z każdym wynikiem
Percentyl według liczby udzielonych odpowiedzi
Twoja historia wyników
Nie rozwiązałeś tego quizu